| 000 | 00750nam a2200253 a 4500 | ||
|---|---|---|---|
| 001 | |||
| 003 | DO-SdBNP | ||
| 005 | 20210722134907.0 | ||
| 008 | 100310s1978 dr 000 0 spa d | ||
| 040 |
_aBPMSU _bspa _cBPMSU |
||
| 082 |
_a336.2 _bB142a, 1978 _222 |
||
| 100 | 1 | _aBáez Ortíz, Bolivar | |
| 245 | 1 | 0 |
_aAdministración tributaria / _cBolivar Báez Ortíz. |
| 250 | _a2da. ed. | ||
| 260 |
_aSanto Domingo : _b[s.n.], _c1978. |
||
| 300 |
_a149 p. ; _c22 cm. |
||
| 504 | _aBibliografía : p.150-158 | ||
| 590 | _aInventariado,2021/VM | ||
| 650 |
_aHacienda pública _xAdministración |
||
| 650 | _aRecaudación de impuestos | ||
| 650 | 4 |
_aImpuestos _xAdministración _zRepública Dominicana |
|
| 910 | _aVmateo V. | ||
| 942 |
_2ddc _cBK |
||
| 999 |
_c13601 _d13601 |
||